000 01476nam a2200253 a 4500
001 000027502
005 20240318114956.0
008 110401s1995 dr 000 0 spa d
020 _a8460524922
040 _aDO-SdBNP
_bspa
_cBNPHU
082 _a304.66
_bP142d
100 1 _aPaiewonsky, Denise
_92237
245 1 0 _aDeterminantes sociales y concecuencias del aborto inducido en la República Dominicana /
_cDenise Paiewonsky ; presentación Magaly Caram de Álvarez.
260 _aSanto Domingo :
_bIEPD,
_c1995.
300 _axvi, 252 p. ;
_c21 cm.
500 _aIncluye referencias bibliográficas y notas al pie de las páginas
505 0 _aReconocimientos --
_tPresentación --
_tIntroducción --
_tAspectos metodológicos --
_tCaracterística generales de la muestra hospitalaria --
_tAnticoncepción y planificación familiar --
_tExperiencia del aborto --
_tActitudes de las mujeres hacia el aborto --
_tConclusión de la encuesta hospitalaria --
_tLas entrevistas a testigos calificados
_tLas entrevistas a mujer --
_tAnalisis de las entrevistas a mujer --
_tEl aborto
_tConclusiones de la entrevistas en profundidad.
590 _aInventariado, 2018/VM
650 4 _aAborto
_zRepública Dominicana
_954585
650 4 _aPlanificación familiar
_zRepública Dominicana
_952270
700 1 _aCaram de Álvarez, Magaly,
_eprest.
_954586
710 2 2 _aInstituto de Estudios de Población y Desarrollo (República Dominicana)
_970393
910 _aValidado. Control de calidad MFF
999 _c26994
_d26994